000
00344nam a2200145Ia 4500
008
150201s2010 xx 000 0 und d
082
_a
610.7362
_b
E10K
100
_a
KYKE , TERRI
245
_a
ESSENTIALS OF PEDIATRICS NURSING
250
_a
2ND
260
_b
WOLTERS
_a
DELHI
_c
2010
300
_a
1198
650
_a
PEDIATRICS
942
_2
ddc
_c
BK
999
_c
1987
_d
1987